Statistics for Largest Non-Capital Cities Where The Closest Capital Is Not Its Own

Click here to take the quiz!

General Stats

  • This quiz has been taken 63 times
    (31 since last reset)
  • The average score is 21 of 30

Answer Stats

Pop. (M)Closest Capital CityDistance (km)City% Correct
11.3Colombo688Chennai
92%
7.3Taipei811Hong Kong
92%
22.1Taipei687Shanghai
92%
20.9Hanoi800Guangzhou
88%
6.4Mexico City1212Houston
88%
13.3Phnom Penh211Ho Chi Minh City
85%
17.6Dhaka248Kolkata
85%
15.4Mexico City2491Los Angeles
85%
15.9Taipei811Shenzhen
85%
13.7Colombo715Bengaluru
81%
6.8Mexico City1491Dallas
81%
15.3Porto Novo83Lagos
77%
5.2Helsinki300St Petersburg
77%
4.8Taipei356Xiamen
77%
6.1Nassau297Miami
73%
6.1Amsterdam176Essen/Dusseldorf
69%
7.3Ottawa505Boston
65%
14.8Muscat873Karachi
65%
6.4Mexico City3041San Francisco
65%
11.3Hanoi1088Chengdu
62%
6.4Taipei600Hangzhou
62%
9.7Colombo1171Hyderabad
62%
7.5Taipei824Nanjing
62%
9.0Taipei945Wuhan
62%
7.7Hanoi953Chongqing
58%
7.1Pyongyang365Shenyang
58%
4.9Vaduz188Milan
54%
5.0Taipei703Suzhou
31%
8.0Taipei825Dongguan
23%
6.3Taipei298Quanzhou
19%

Score Distribution

Percentile by Number Answered

Percent of People with Each Score

Your Score History

You have not taken this quiz since the last reset